000 00762nam a2200205Ia 4500
003 Ost
005 20260426125804.0
008 260426s9999||||xx |||||||||||||| ||und||
040 _cfsecg
041 _afre
082 _a330
100 _aMezaache, Ali
_eAuteur
245 0 _aFrançais économique : économie et gestion de l'entreprise /
_cAli Mezaache
260 _aAlger :
_bUniversité d'Alger3 Faculté des sciences économiques commerciales et des sciences de gestion,
_c2006
300 _a45 feuil,
_billustration,
_c30 cm
504 _abibliographie feuil 44
653 _agestion de l'entreprise
710 _aUniversité d'Alger3 Faculté des sciences économiques commerciales et des sciences de gestion
_eÉditeur scientifique
942 _cHANDOUT
999 _c41488
_d41488